MARC

LEADER 00000nam0a2200000 4500
001 60303
005 20231031061300.0
010 |a 5947235099 
035 |a (RuTPU)RU\TPU\book\63770 
090 |a 60303 
100 |a 20040205d2004 m y0rusy50 ca 
101 0 |a rus 
102 |a RU 
105 |a a j 001zy 
200 1 |a Turbo Pascal. Программирование на языке высокого уровня  |e учебник  |f С. А. Немнюгин 
205 |a 2-е изд. 
210 |a СПб.  |c Питер  |d 2004 
215 |a 544 с.  |c ил. 
225 1 |a Учебник для вузов 
225 1 |a Издательская программа "300 лучших учебников для высшей школы в честь 300-летия Санкт-Петербурга" 
320 |a Алфавитный указатель: с. 527-543 
451 1 |0 (RuTPU)RU\TPU\book\58785  |y 5-94723-509-9  |t Turbo Pascal. Программирование на языке высокого уровня  |o учебник для вузов  |f С. А. Немнюгин  |e 2-е изд.  |c СПб.  |n Питер  |d 2003  |p 544 с.  |s Издательская программа "300 лучших учебников для высшей школы в честь 300-летия Санкт-Петербурга"  |a Немнюгин, Сергей Андреевич 
610 1 |a информатика 
610 1 |a программирование 
610 1 |a компьютеры 
610 1 |a алгоритмы 
610 1 |a языки 
610 1 |a программы 
610 1 |a ввод-вывод 
610 1 |a функции 
610 1 |a процедуры 
610 1 |a типы 
610 1 |a массивы 
610 1 |a множества 
610 1 |a файлы 
610 1 |a записи 
610 1 |a указатели 
610 1 |a память 
610 1 |a операционные системы 
610 1 |a MS DOS 
610 1 |a элементы 
610 1 |a Турбо Паскаль 
610 1 |a принципы 
610 1 |a графика VGA 
610 1 |a звуки 
610 1 |a трехмерные изображения 
610 1 |a динамические изображения 
610 1 |a рекурсия 
610 1 |a алгоритмы 
610 1 |a вычисления 
610 1 |a интегралы 
610 1 |a дифференциальные уравнения 
610 1 |a учебники 
675 |a 681.3.06:800.92(075.8)  |v 3 
700 1 |a Немнюгин  |b С. А.  |g Сергей Андреевич 
801 1 |a RU  |b 63413507  |c 20040205  |g PSBO 
801 2 |a RU  |b 63413507  |c 20211014  |g PSBO 
900 |a Информатика 
942 |c BK 
952 |a 510200  |b 220000